Technológia povrchových úprav /
Uložené v:
| Hlavný autor: | |
|---|---|
| Médium: | Kniha |
| Jazyk: | Slovak |
| Vydané: |
Bratislava :
Alfa,
1987
|
| Vydanie: | 1. vyd. |
| ISBN: |
(brož.) |
| Fyzický popis: |
112 s. |
| Tagy: |
Pridať tag
Žiadne tagy, Buďte prvý kto otaguje tento záznam!
|
Titul je dostupný aj v ... 

MARC
| LEADER | 00000nam a2200000 a 4500 | ||
|---|---|---|---|
| 001 | 000214708 | ||
| 005 | 20070522112844.0 | ||
| 008 | 060420s1987 xo e 000 0 sloo | ||
| 020 | |a (brož.) | ||
| 040 | |a SVKKK |b slo |c SVKKK |e AACR2 | ||
| 041 | 0 | |a slo | |
| 044 | |a xo |c SK | ||
| 100 | 1 | |a Bagin, Kamil |4 aut | |
| 245 | 1 | 0 | |a Technológia povrchových úprav / |c Kamil Bagin |
| 250 | |a 1. vyd. | ||
| 260 | |a Bratislava : |b Alfa, |c 1987 | ||
| 300 | |a 112 s. | ||
| 910 | |a svkkk | ||
| 998 | |a BK | ||
| 090 | |g SCKHL |k Sklad Pribinova 3. posch. |a V.162985 |j 768179 |i 2720095952 |s Absenčne | ||
| 090 | |g SCKHL |k Sklad Pribinova 3. posch. |a V.162986 |j 768180 |i 2720091407 |s Absenčne | ||